[Event "GBR-ch 99th"]
[Site "North Shields"]
[Date "2012.07.28"]
[Round "6"]
[White "Elwin, Adrian G"]
[Black "Brown, Martin"]
[Result "1-0"]
[WhiteElo "1985"]
[BlackElo "2224"]
[PlyCount "51"]
[EventDate "2012.07.23"]
[EventType "swiss"]
[EventRounds "11"]
[EventCountry "ENG"]
[Source "John Saunders"]
[SourceDate "2015.07.24"]

1. d4 Nf6 2. c4 g6 3. Nc3 d5 4. Nf3 Bg7 5. Qb3 dxc4 6. Qxc4 O-O 7. e4 Bg4 8.
Be2 Nfd7 9. Be3 Nb6 10. Qd3 f5 11. exf5 gxf5 12. Rd1 Nc6 13. Ng5 Bxe2 14. Nxe2
Qd7 15. Nf4 Nd8 16. Qb3+ Kh8 17. h4 Bf6 18. d5 Qa4 19. Qd3 Qc4 20. b3 Qxd3 21.
Rxd3 Nd7 22. Bd4 c6 23. Nfe6 Nxe6 24. dxe6 Nb6 25. Nf7+ Kg7 26. Rg3# 1-0

[Event "GBR-ch 99th"]
[Site "North Shields"]
[Date "2012.07.28"]
[Round "6"]
[White "Foster, James M"]
[Black "Jaunooby, Ali Reza"]
[Result "1-0"]
[WhiteElo "2037"]
[BlackElo "2165"]
[PlyCount "61"]
[EventDate "2012.07.23"]
[EventType "swiss"]
[EventRounds "11"]
[EventCountry "ENG"]
[Source "John Saunders"]
[SourceDate "2015.07.24"]

1. e4 c5 2. Nf3 a6 3. c3 b5 4. d4 Bb7 5. Bd3 e6 6. O-O Nf6 7. Re1 Be7 8. Nbd2
Qb6 9. Nf1 Nc6 10. e5 Nd5 11. Be4 Na5 12. Bg5 f6 13. exf6 gxf6 14. Bh4 b4 15.
Bxd5 Bxd5 16. dxc5 Qxc5 17. cxb4 Qxb4 18. Bxf6 Bxf6 19. Qxd5 Ra7 20. Qh5+ Kf8
21. Rac1 Nc6 22. b3 Qb5 23. Rc5 Qd3 24. Ng5 Nd8 25. Rc8 Kg7 26. Ne4 Qd4 27. Re3
Rf8 28. Nxf6 Qxf6 29. Rf3 Qe7 30. Qg4+ Kh8 31. Qd4+ 1-0

[Event "GBR-ch 99th"]
[Site "North Shields"]
[Date "2012.07.28"]
[Round "6"]
[White "Grattage, Matthew"]
[Black "Ledger, David"]
[Result "0-1"]
[WhiteElo "1986"]
[BlackElo "2246"]
[PlyCount "84"]
[EventDate "2012.07.23"]
[EventType "swiss"]
[EventRounds "11"]
[EventCountry "ENG"]
[Source "John Saunders"]
[SourceDate "2015.07.24"]

1. d4 Nf6 2. c4 g6 3. Nc3 Bg7 4. e4 d6 5. Bd3 O-O 6. Nge2 e5 7. d5 a5 8. f3 Na6
9. Be3 Bd7 10. O-O h5 11. Qd2 Nh7 12. f4 exf4 13. Nxf4 Qe7 14. Rae1 b6 15. Bc2
Nc5 16. Bd4 Rae8 17. Bxg7 Kxg7 18. Rf3 Qe5 19. a3 a4 20. Qf2 Re7 21. Rf1 Ng5
22. Rg3 h4 23. Re3 Rh8 24. Nd3 Nxd3 25. Bxd3 h3 26. g3 Rhe8 27. Qf4 Nh7 28.
Qxe5+ Rxe5 29. Ref3 R8e7 30. Nb5 Bxb5 31. cxb5 Ng5 32. Rf4 Nxe4 33. Re1 Ng5 34.
Rxe5 Rxe5 35. Bc4 Re1+ 36. Bf1 Rd1 37. Rc4 Rd2 38. Rf4 Rxb2 39. Bc4 Rg2+ 40.
Kh1 f5 41. Bf1 Rd2 42. g4 fxg4 0-1

[Event "GBR-ch 99th"]
[Site "North Shields"]
[Date "2012.07.28"]
[Round "6"]
[White "Hanley, Craig"]
[Black "Batchelor, Peter"]
[Result "1-0"]
[WhiteElo "2419"]
[BlackElo "2103"]
[PlyCount "81"]
[EventDate "2012.07.23"]
[EventType "swiss"]
[EventRounds "11"]
[EventCountry "ENG"]
[Source "John Saunders"]
[SourceDate "2015.07.24"]

1. d4 d5 2. c4 e6 3. Nf3 Nf6 4. g3 dxc4 5. Bg2 a6 6. O-O Nc6 7. a4 Na5 8. Bg5
Be7 9. Na3 O-O 10. Qc2 Bd7 11. Ne5 Bc6 12. Nxc6 Nxc6 13. Bxc6 bxc6 14. Rfd1 c3
15. bxc3 Rb8 16. Nc4 Nd7 17. Bf4 Bg5 18. Na5 Rb6 19. Qc1 h6 20. c4 Bxf4 21.
Qxf4 e5 22. Qf5 Qe7 23. d5 Nb8 24. Qc2 cxd5 25. cxd5 f5 26. Rac1 Rf7 27. Rb1
Rff6 28. Qc4 Kh7 29. Nb7 Rxb1 30. Rxb1 e4 31. Na5 Qd8 32. Rb7 Rd6 33. Qb3 Nd7
34. Nc6 Nc5 35. Qc4 Nxb7 36. Nxd8 Nxd8 37. a5 c6 38. dxc6 Nxc6 39. Qxa6 Rd1+
40. Kg2 Nb4 41. Qe6 1-0

[Event "GBR-ch 99th"]
[Site "North Shields"]
[Date "2012.07.28"]
[Round "6"]
[White "Hanley, James L"]
[Black "Gormally, Daniel"]
[Result "0-1"]
[WhiteElo "2244"]
[BlackElo "2505"]
[PlyCount "68"]
[EventDate "2012.07.23"]
[EventType "swiss"]
[EventRounds "11"]
[EventCountry "ENG"]
[Source "John Saunders"]
[SourceDate "2015.07.24"]

1. e4 c5 2. Nf3 d6 3. d4 cxd4 4. Nxd4 Nf6 5. Nc3 a6 6. Bc4 e6 7. Bb3 b5 8. Bg5
Be7 9. Qf3 Qb6 10. O-O-O Nbd7 11. Qg3 b4 12. Bxf6 Nxf6 13. Na4 Qc7 14. Rhe1 O-O
15. f4 Bd7 16. e5 dxe5 17. fxe5 Nh5 18. Qf3 g6 19. g4 Ng7 20. Kb1 Rab8 21. Re3
Bg5 22. Re4 Qa5 23. h4 Be7 24. h5 Bxa4 25. h6 Ne8 26. Rf4 Bxb3 27. axb3 Bg5 28.
Nc6 Qc7 29. Rc4 Rb6 30. Qe4 Bxh6 31. Nxb4 Qb7 32. Nc6 Bg5 33. Rd3 Kg7 34. Rdc3
Nc7 0-1

[Event "GBR-ch 99th"]
[Site "North Shields"]
[Date "2012.07.28"]
[Round "6"]
[White "Hawkins, Jonathan"]
[Black "Mackle, Dominic"]
[Result "1-0"]
[WhiteElo "2499"]
[BlackElo "2130"]
[PlyCount "47"]
[EventDate "2012.07.23"]
[EventType "swiss"]
[EventRounds "11"]
[EventCountry "ENG"]
[Source "John Saunders"]
[SourceDate "2015.07.24"]

1. d4 Nf6 2. c4 e6 3. Nf3 b6 4. g3 Ba6 5. Qa4 Be7 6. Bg2 c6 7. Nc3 O-O 8. Bf4
Bb7 9. O-O d5 10. Ne5 a6 11. Qc2 b5 12. b3 Nbd7 13. Rfd1 Rc8 14. e4 Nxe5 15.
dxe5 Nd7 16. exd5 cxd5 17. cxd5 b4 18. dxe6 Rxc3 19. Qf5 Bxg2 20. Rxd7 Qa8 21.
Rxe7 fxe6 22. Qxe6+ Kh8 23. Bh6 Rg8 24. Qf7 1-0

[Event "GBR-ch 99th"]
[Site "North Shields"]
[Date "2012.07.28"]
[Round "6"]
[White "Holland, James P"]
[Black "Howell, David"]
[Result "0-1"]
[WhiteElo "2200"]
[BlackElo "2620"]
[PlyCount "90"]
[EventDate "2012.07.23"]
[EventType "swiss"]
[EventRounds "11"]
[EventCountry "ENG"]
[Source "John Saunders"]
[SourceDate "2015.07.24"]

1. Nf3 Nf6 2. c4 g6 3. Nc3 Bg7 4. g3 d5 5. cxd5 Nxd5 6. Bg2 Nb6 7. O-O Nc6 8.
d3 O-O 9. Be3 e5 10. Rc1 Re8 11. a3 h6 12. Nd2 Nd4 13. Nc4 Nxc4 14. dxc4 c6 15.
b4 Qe7 16. Qa4 Bg4 17. Rfe1 a6 18. Bxd4 exd4 19. Ne4 h5 20. Qb3 h4 21. Nc5 Rad8
22. Nd3 Qf6 23. Rc2 Re7 24. b5 h3 25. Bh1 Rde8 26. bxc6 bxc6 27. Kf1 Bf5 28.
Rd1 Bg4 29. Re1 Bf5 30. Rd1 c5 31. Ra2 Bg4 32. Re1 Qd6 33. Rb2 Bh6 34. Bd5 Kg7
35. a4 Be6 36. Bf3 g5 37. Reb1 g4 38. Bh1 Qc7 39. Rc2 Bf5 40. Qb7 Qxb7 41. Rxb7
Rxe2 42. Rxe2 Bxd3 43. Rbb2 Bxc4 44. Ke1 Bxe2 45. Rxe2 Rb8 0-1

[Event "GBR-ch 99th"]
[Site "North Shields"]
[Date "2012.07.28"]
[Round "6"]
[White "Houska, Jovanka"]
[Black "Arkell, Keith C"]
[Result "1/2-1/2"]
[WhiteElo "2406"]
[BlackElo "2441"]
[PlyCount "84"]
[EventDate "2012.07.23"]
[EventType "swiss"]
[EventRounds "11"]
[EventCountry "ENG"]
[Source "John Saunders"]
[SourceDate "2015.07.24"]

1. d4 Nf6 2. Nf3 c5 3. d5 e6 4. c4 exd5 5. cxd5 d6 6. Nc3 g6 7. h3 Bg7 8. e4
O-O 9. Bd3 Re8 10. O-O b6 11. Bf4 a6 12. a4 Qc7 13. Nd2 Nbd7 14. Nc4 Ne5 15.
Nxe5 dxe5 16. Be3 Nh5 17. Re1 Bd7 18. Rc1 Bf8 19. Nb1 Nf4 20. Bf1 b5 21. g3 Nh5
22. axb5 axb5 23. Kh2 Rec8 24. b3 Bd6 25. Nd2 Qd8 26. Nf3 Ng7 27. Qd2 Qf8 28.
Qb2 Re8 29. Ra1 f6 30. Rxa8 Rxa8 31. Ra1 Qb8 32. Qc1 Rxa1 33. Qxa1 f5 34. Bd3
fxe4 35. Bxe4 Nf5 36. Bg5 Nd4 37. Nd2 Qf8 38. Be3 Bf5 39. Qf1 Qe8 40. Qd3 Qc8
41. g4 Bxe4 42. Nxe4 Qf8 1/2-1/2

[Event "GBR-ch 99th"]
[Site "North Shields"]
[Date "2012.07.28"]
[Round "6"]
[White "Jackson, James P"]
[Black "Conquest, Stuart"]
[Result "1/2-1/2"]
[WhiteElo "2126"]
[BlackElo "2501"]
[PlyCount "82"]
[EventDate "2012.07.23"]
[EventType "swiss"]
[EventRounds "11"]
[EventCountry "ENG"]
[Source "John Saunders"]
[SourceDate "2015.07.24"]

1. e4 e5 2. Nf3 Nc6 3. Bb5 a6 4. Ba4 d6 5. O-O Bd7 6. c3 g6 7. d4 Bg7 8. h3 Nf6
9. Re1 O-O 10. Bg5 b5 11. Bb3 h6 12. Bh4 Re8 13. Nbd2 Rb8 14. a3 Qc8 15. Rc1
Nh5 16. Nf1 Na5 17. Ba2 Nc4 18. Qc2 Be6 19. d5 Bd7 20. N3d2 Nxd2 21. Qxd2 g5
22. Bg3 f5 23. exf5 Bxf5 24. c4 bxc4 25. Rxc4 Nf4 26. Bxf4 gxf4 27. Bb1 Re7 28.
b4 Bf6 29. Bxf5 Qxf5 30. Rec1 Rb7 31. f3 Rg7 32. Kh1 Kh8 33. Qe2 Bd8 34. Nd2
Rb5 35. Ne4 Rxd5 36. Rc6 Rd4 37. Rxa6 Kh7 38. Ra8 Bh4 39. Ra7 Bd8 40. Ra8 Bh4
41. Ra7 Bd8 1/2-1/2

[Event "GBR-ch 99th"]
[Site "North Shields"]
[Date "2012.07.28"]
[Round "6"]
[White "Ledger, Stephen"]
[Black "Townsend, M Paul"]
[Result "0-1"]
[WhiteElo "2089"]
[BlackElo "2252"]
[PlyCount "96"]
[EventDate "2012.07.23"]
[EventType "swiss"]
[EventRounds "11"]
[EventCountry "ENG"]
[Source "John Saunders"]
[SourceDate "2015.07.24"]

1. d4 g6 2. e4 Bg7 3. Nc3 d6 4. f4 a6 5. Nf3 b5 6. Be3 Nd7 7. e5 Bb7 8. Bd3 c5
9. Be4 Bxe4 10. Nxe4 Nh6 11. dxc5 Ng4 12. Bd4 dxe5 13. fxe5 Ndxe5 14. Nxe5 Nxe5
15. c3 O-O 16. O-O Qc7 17. Qe2 h6 18. Rae1 Nd7 19. Bxg7 Kxg7 20. b4 f5 21. Nf2
e5 22. Rd1 e4 23. Rd6 Ne5 24. Rfd1 Nf7 25. Rd7 Qe5 26. c4 Rad8 27. cxb5 Rxd7
28. Rxd7 axb5 29. h3 Rd8 30. c6 Rxd7 31. cxd7 Kf6 32. Qc2 Ke7 33. Qc6 Qd4 34.
Qxb5 e3 35. Nd3 e2+ 36. Kh2 Qd6+ 37. g3 Qxd3 38. Qxd3 e1=Q 39. Qd5 Qe6 40. Qc5+
Qd6 41. d8=Q+ Kxd8 42. Qc4 Ke7 43. b5 Ne5 44. Qe2 Kf6 45. a4 Qd3 46. Qb2 Ke6
47. b6 Nf3+ 48. Kg2 Nd2 0-1

[Event "GBR-ch 99th"]
[Site "North Shields"]
[Date "2012.07.28"]
[Round "6"]
[White "Mason, Donald"]
[Black "Jain, Radha"]
[Result "0-1"]
[WhiteElo "2244"]
[BlackElo "1868"]
[PlyCount "56"]
[EventDate "2012.07.23"]
[EventType "swiss"]
[EventRounds "11"]
[EventCountry "ENG"]
[Source "John Saunders"]
[SourceDate "2015.07.24"]

1. d4 d5 2. c4 c6 3. Nc3 Nf6 4. Nf3 a6 5. c5 Bf5 6. Nh4 Bg6 7. Nxg6 hxg6 8. e3
Nbd7 9. Bd2 e5 10. Be2 Be7 11. h3 Qc7 12. b4 O-O 13. O-O Nh7 14. Qb3 Bf6 15.
dxe5 Bxe5 16. Rad1 Rfe8 17. Bc1 Ndf8 18. f4 Bf6 19. Bf3 Ne6 20. e4 Nd4 21. Qb1
Nxf3+ 22. Rxf3 Bxc3 23. Rxc3 Rxe4 24. Rf3 Rae8 25. f5 gxf5 26. Rxf5 Qg3 27.
Rdf1 Re2 28. R5f2 Rxf2 0-1

[Event "GBR-ch 99th"]
[Site "North Shields"]
[Date "2012.07.28"]
[Round "6"]
[White "McDonald, Ian"]
[Black "Hoare, Amy B"]
[Result "1/2-1/2"]
[WhiteElo "1876"]
[BlackElo "1958"]
[PlyCount "104"]
[EventDate "2012.07.23"]
[EventType "swiss"]
[EventRounds "11"]
[EventCountry "ENG"]
[Source "John Saunders"]
[SourceDate "2015.07.24"]

1. e4 e5 2. Nf3 Nf6 3. Nxe5 d6 4. Nf3 Nxe4 5. Nc3 Nxc3 6. dxc3 Be7 7. Be3 O-O
8. Qd2 Nd7 9. O-O-O Nc5 10. Bc4 Be6 11. Bxe6 Nxe6 12. g4 c6 13. h4 Qa5 14. Kb1
f5 15. Ng5 Nxg5 16. Bxg5 Bxg5 17. Qxg5 Qd8 18. Qf4 fxg4 19. Qxg4 Rxf2 20. Qb4
Qc7 21. Rxd6 Raf8 22. Rhd1 Qe7 23. Qc4+ Qf7 24. Qa4 Qf4 25. Qb3+ Kh8 26. a3 Rf1
27. Rxf1 Qxf1+ 28. Ka2 Qf4 29. Rd4 Qc7 30. Qe6 Rd8 31. c4 h6 32. Rxd8+ Qxd8 33.
h5 Qg8 34. Qg4 Qf7 35. b3 Kh7 36. Qe4+ Kg8 37. Qg4 Qe8 38. Qf5 Qf7 39. Qc8+ Kh7
40. Qg4 a6 41. Qe4+ g6 42. hxg6+ Qxg6 43. Qe7+ Qg7 44. Qe4+ Kh8 45. Qe8+ Qg8
46. Qe5+ Kh7 47. Qf5+ Kg7 48. Qe5+ Kg6 49. Qe4+ Kf7 50. Qf4+ Kg6 51. Qe4+ Kf6
52. Qf4+ Kg6 1/2-1/2

[Event "GBR-ch 99th"]
[Site "North Shields"]
[Date "2012.07.28"]
[Round "6"]
[White "Osborne, Marcus E"]
[Black "Chapman, Terry PD"]
[Result "1/2-1/2"]
[WhiteElo "2245"]
[BlackElo "2290"]
[PlyCount "63"]
[EventDate "2012.07.23"]
[EventType "swiss"]
[EventRounds "11"]
[EventCountry "ENG"]
[Source "John Saunders"]
[SourceDate "2015.07.24"]

1. d4 Nf6 2. c4 c5 3. d5 b5 4. Qc2 Na6 5. e4 Nb4 6. Qb3 bxc4 7. Bxc4 Nxe4 8. a3
Qa5 9. axb4 Qxa1 10. Bd3 c4 11. Qxc4 Nd6 12. Qb3 Ba6 13. Ne2 Bxd3 14. Qxd3 Qa4
15. Bd2 Qb5 16. Qf3 g6 17. Bc3 Rg8 18. O-O Bg7 19. Re1 Kf8 20. Na3 Qb6 21. Qh3
Ne4 22. Qf3 f5 23. Nf4 Bxc3 24. bxc3 Kg7 25. Nc4 Qc7 26. Rxe4 fxe4 27. Qxe4
Rgf8 28. d6 exd6 29. Qd4+ Kg8 30. Qd5+ Kg7 31. Qd4+ Kg8 32. Qe4 1/2-1/2

[Event "GBR-ch 99th"]
[Site "North Shields"]
[Date "2012.07.28"]
[Round "6"]
[White "Rudd, Jack"]
[Black "Shaw, Robert"]
[Result "1-0"]
[WhiteElo "2295"]
[BlackElo "2220"]
[PlyCount "43"]
[EventDate "2012.07.23"]
[EventType "swiss"]
[EventRounds "11"]
[EventCountry "ENG"]
[Source "John Saunders"]
[SourceDate "2015.07.24"]

1. e4 e5 2. d4 exd4 3. Qxd4 Nc6 4. Qe3 g6 5. Nc3 Bg7 6. Bd2 Nge7 7. O-O-O O-O
8. Bc4 d6 9. h4 h5 10. f3 Ne5 11. Bb3 c6 12. g4 hxg4 13. f4 Nf3 14. Nxf3 gxf3
15. h5 gxh5 16. Rxh5 d5 17. f5 d4 18. Qg5 Nxf5 19. exf5 Qxg5 20. Rxg5 Bxf5 21.
Rxf5 dxc3 22. Bxc3 1-0

[Event "GBR-ch 99th"]
[Site "North Shields"]
[Date "2012.07.28"]
[Round "6"]
[White "Shaw, Peter"]
[Black "Palliser, Richard"]
[Result "1/2-1/2"]
[WhiteElo "2168"]
[BlackElo "2482"]
[PlyCount "166"]
[EventDate "2012.07.23"]
[EventType "swiss"]
[EventRounds "11"]
[EventCountry "ENG"]
[Source "John Saunders"]
[SourceDate "2015.07.24"]

1. d4 Nf6 2. c4 e6 3. Nc3 Bb4 4. Qc2 c5 5. dxc5 Bxc5 6. Nf3 Qb6 7. e3 Qc7 8. a3
b6 9. b4 Be7 10. Bb2 a6 11. Be2 Bb7 12. O-O Nc6 13. Nb5 Qb8 14. Nbd4 Nxd4 15.
Bxd4 Be4 16. Qb2 Qb7 17. Rfd1 d6 18. Ne1 O-O 19. Bf3 e5 20. Bc3 Rac8 21. Be2
Bf5 22. Rac1 Ne4 23. Nf3 Nxc3 24. Rxc3 Bg4 25. Qd2 Rfd8 26. h3 Be6 27. Rdc1 a5
28. R3c2 axb4 29. axb4 Ra8 30. Ra2 Rxa2 31. Qxa2 b5 32. Qb2 bxc4 33. Bxc4 Bxh3
34. Qb3 d5 35. Bxd5 Qxd5 36. Qxd5 Rxd5 37. gxh3 Bxb4 38. Rc8+ Bf8 39. Ng5 h6
40. Ne4 f5 41. Nc3 Rc5 42. Rxc5 Bxc5 43. Kf1 Kf7 44. e4 Bd4 45. Nb5 g6 46. Kg2
Bc5 47. exf5 gxf5 48. f3 Ke6 49. Nc3 Bb4 50. Ne2 Bd2 51. Ng3 Bf4 52. Ne2 Kd5
53. Nc3+ Kc4 54. Na4 Be3 55. Nb2+ Kd4 56. Na4 Kc4 57. Nb2+ Kb3 58. Nd3 Bd4 59.
Kf1 Kc4 60. Ke2 Bc3 61. Nf2 Kd5 62. Nd3 Ke6 63. Kf1 Bd4 64. Ke2 Kf6 65. Kf1 Kg6
66. Kg2 Kf6 67. Kf1 Be3 68. Ke2 Bf4 69. Kf1 Kg5 70. Kg2 h5 71. Nc5 Kf6 72. Kf1
Be3 73. Nd3 e4 74. fxe4 fxe4 75. Ke2 Kf5 76. Kxe3 exd3 77. Kxd3 Kf4 78. Ke2 Kg3
79. Kf1 Kxh3 80. Kg1 Kg3 81. Kh1 h4 82. Kg1 h3 83. Kh1 h2 1/2-1/2

[Event "GBR-ch 99th"]
[Site "North Shields"]
[Date "2012.07.28"]
[Round "6"]
[White "Sugden, John N"]
[Black "Wadsworth, Matthew J"]
[Result "1-0"]
[WhiteElo "2142"]
[BlackElo "2037"]
[PlyCount "67"]
[EventDate "2012.07.23"]
[EventType "swiss"]
[EventRounds "11"]
[EventCountry "ENG"]
[Source "John Saunders"]
[SourceDate "2015.07.24"]

1. d4 f5 2. Qd3 d5 3. g4 fxg4 4. Bf4 Nf6 5. h3 Nc6 6. Nc3 a6 7. O-O-O g6 8.
hxg4 Bg7 9. Qg3 Bxg4 10. Bxc7 Qd7 11. Bh3 Bxh3 12. Rxh3 O-O 13. Nf3 Rac8 14.
Be5 b5 15. Rdh1 b4 16. Nd1 Nxe5 17. Nxe5 Qc7 18. Ne3 e6 19. Qg1 Nh5 20. Nxg6
hxg6 21. Qxg6 Qf7 22. Qg4 Qf6 23. Rxh5 Rfe8 24. Re5 a5 25. Rg1 a4 26. Kb1 Qf7
27. Rg5 Rc7 28. Qh4 Qf6 29. R1g3 Rf8 30. Rf3 Qd8 31. Rxf8+ Qxf8 32. Ng4 Qe7 33.
Ne5 a3 34. Rg4 1-0

[Event "GBR-ch 99th"]
[Site "North Shields"]
[Date "2012.07.28"]
[Round "6"]
[White "Surtees, Michael"]
[Black "Roe, Simon J"]
[Result "0-1"]
[WhiteElo "2113"]
[BlackElo "2275"]
[PlyCount "124"]
[EventDate "2012.07.23"]
[EventType "swiss"]
[EventRounds "11"]
[EventCountry "ENG"]
[Source "John Saunders"]
[SourceDate "2015.07.24"]

1. e4 Nf6 2. d3 e5 3. c4 Nc6 4. a3 Bc5 5. b4 Bd4 6. Ra2 d6 7. h3 a6 8. Nf3 Ba7
9. Be3 Bxe3 10. fxe3 Nh5 11. Kf2 O-O 12. g4 Nf6 13. Nc3 b5 14. Kg1 bxc4 15.
dxc4 Bb7 16. Bd3 Nd7 17. Rhh2 a5 18. Nd5 Ne7 19. Qe1 Re8 20. Nh4 g6 21. Rhc2
Bc6 22. Bf1 Ra7 23. Nf3 Kg7 24. Qd2 Qa8 25. Kh2 h6 26. Ng1 Ng8 27. Ne2 Qd8 28.
Ng1 Ngf6 29. Bg2 Bxd5 30. cxd5 Nh7 31. Qf2 Rf8 32. h4 Ndf6 33. Bf3 Qd7 34. Qg2
Rfa8 35. g5 hxg5 36. hxg5 Ne8 37. Nh3 Qa4 38. bxa5 Rxa5 39. Qd2 Qb5 40. Be2 Qd7
41. Qc1 Qd8 42. Qg1 Rxa3 43. Rxa3 Rxa3 44. Bb5 Kf8 45. Bc6 Ng7 46. Rb2 Nh5 47.
Qb1 Kg7 48. Qg1 Ra7 49. Qg4 Ra1 50. Kg2 Ra6 51. Rf2 Ra3 52. Rf3 Ra2+ 53. Kh1
Ra1+ 54. Kg2 Rb1 55. Rf2 Rb3 56. Rf3 Rb2+ 57. Kh1 Rb4 58. Rf2 Rxe4 59. Qf3 Qe7
60. Rg2 Rh4 61. Kg1 e4 62. Qf1 Rxh3 0-1

[Event "GBR-ch 99th"]
[Site "North Shields"]
[Date "2012.07.28"]
[Round "6"]
[White "Varnam, Liam"]
[Black "Lenier, Jude"]
[Result "1-0"]
[WhiteElo "2070"]
[BlackElo "2016"]
[PlyCount "67"]
[EventDate "2012.07.23"]
[EventType "swiss"]
[EventRounds "11"]
[EventCountry "ENG"]
[Source "John Saunders"]
[SourceDate "2015.07.24"]

1. e4 e5 2. Nf3 Nc6 3. Bb5 a6 4. Ba4 Nf6 5. O-O Be7 6. Re1 b5 7. Bb3 O-O 8. d4
Nxd4 9. Nxd4 exd4 10. e5 Ne8 11. Qxd4 Bb7 12. c4 c5 13. Qd3 d5 14. Bc2 g6 15.
b3 bxc4 16. bxc4 d4 17. Nd2 Qc7 18. Nf3 Ng7 19. Ng5 f6 20. Nxh7 Nf5 21. Nxf8
Rxf8 22. Bf4 Nh4 23. Qg3 f5 24. f3 Qd8 25. Bd3 g5 26. Rab1 Bc6 27. e6 Kh7 28.
Bc7 Qa8 29. Rb8 Rxb8 30. Bxb8 Bxf3 31. gxf3 Nxf3+ 32. Kf2 g4 33. Bxf5+ Kh6 34.
Bf4+ 1-0

[Event "GBR-ch 99th"]
[Site "North Shields"]
[Date "2012.07.28"]
[Round "6"]
[White "Walker, David"]
[Black "Weller, Jean Luc"]
[Result "1-0"]
[WhiteElo "2276"]
[BlackElo "2115"]
[PlyCount "119"]
[EventDate "2012.07.23"]
[EventType "swiss"]
[EventRounds "11"]
[EventCountry "ENG"]
[Source "John Saunders"]
[SourceDate "2015.07.24"]

1. c4 c5 2. Nf3 Nc6 3. g3 g6 4. Bg2 Bg7 5. O-O e5 6. Nc3 Nge7 7. a3 a5 8. Ne1
d6 9. Nc2 Be6 10. Ne3 f5 11. d3 O-O 12. Ned5 Bxd5 13. Nxd5 Nxd5 14. Bxd5+ Kh8
15. Bd2 a4 16. Rb1 Qd7 17. b4 cxb4 18. Bxb4 Nd4 19. e3 Nb3 20. f4 exf4 21. gxf4
Rae8 22. Qf3 Re7 23. Rbe1 Rfe8 24. Kh1 Bf6 25. h4 h5 26. Rg1 Rg7 27. Rg5 Qe7
28. Reg1 Qxe3 29. Rxg6 Qxf3+ 30. Bxf3 Rxg6 31. Rxg6 Bxh4 32. Bxd6 Kh7 33. Bxh5
Re3 34. Be5 Rxd3 35. Rb6 Rg3 36. Rxb7+ Kh6 37. Be2 Nc5 38. Rb8 Kg6 39. Rh8 Rh3+
40. Kg2 Rg3+ 41. Kh2 Kf7 42. Rxh4 Rxa3 43. Rh7+ Kg6 44. Rg7+ Kh6 45. Rg2 Ne4
46. Bg7+ Kh7 47. Bh5 Rb3 48. Bg6+ Kxg7 49. Bxf5+ Kf6 50. Bxe4 Re3 51. Bb1 Rb3
52. Ba2 Rc3 53. Rf2 a3 54. f5 Re3 55. Kg2 Rc3 56. Kf1 Re3 57. Re2 Rc3 58. Ke1
Rc1+ 59. Kd2 Ra1 60. Kc3 1-0

[Event "GBR-ch 99th"]
[Site "North Shields"]
[Date "2012.07.28"]
[Round "6"]
[White "Walker, Nicholas P"]
[Black "Kolbus, Dietmar"]
[Result "0-1"]
[WhiteElo "2179"]
[BlackElo "2321"]
[PlyCount "110"]
[EventDate "2012.07.23"]
[EventType "swiss"]
[EventRounds "11"]
[EventCountry "ENG"]
[Source "John Saunders"]
[SourceDate "2015.07.24"]

1. Nf3 f5 2. d4 Nf6 3. g3 e6 4. c4 d5 5. Bg2 c6 6. O-O Bd6 7. Nc3 O-O 8. cxd5
exd5 9. Qd3 Re8 10. Nh4 Ne4 11. Bh3 g6 12. f3 Nxc3 13. bxc3 Qe7 14. Kf2 Nd7 15.
Bh6 Nf6 16. Rae1 Ne4+ 17. Kg2 Ng5 18. Bxf5 Bxf5 19. Nxf5 gxf5 20. Qxf5 Ne6 21.
e4 Qf7 22. Qg4+ Qg6 23. Qxg6+ hxg6 24. e5 Bc7 25. h4 Kh7 26. Be3 Ba5 27. Rc1 b5
28. f4 Rf8 29. g4 Ng7 30. Kg3 Rf7 31. h5 gxh5 32. f5 Rg8 33. Kh4 hxg4 34. f6
Ne6 35. Rg1 g3 36. Rxg3 Rxg3 37. Kxg3 Kg6 38. Bd2 c5 39. Rd1 Bc7 40. Kg4 Rh7
41. Be3 b4 42. cxb4 cxd4 43. Bxd4 Nxd4 44. Rxd4 Bxe5 45. Rxd5 Kxf6 46. Ra5 Ke6
47. b5 Rb7 48. a4 Bd4 49. Ra6+ Kd5 50. Rc6 Bb6 51. Rc1 Rc7 52. Ra1 Ba5 53. Kf4
Re7 54. Ra2 Kc5 55. Rb2 Re1 0-1

[Event "GBR-ch 99th"]
[Site "North Shields"]
[Date "2012.07.28"]
[Round "6"]
[White "Whitfield, Craig M"]
[Black "Hall, David E"]
[Result "1-0"]
[WhiteElo "2020"]
[BlackElo "2103"]
[PlyCount "39"]
[EventDate "2012.07.23"]
[EventType "swiss"]
[EventRounds "11"]
[EventCountry "ENG"]
[Source "John Saunders"]
[SourceDate "2015.07.24"]

1. e4 e6 2. d4 d5 3. Nc3 Nf6 4. Bg5 Be7 5. exd5 exd5 6. Bd3 h6 7. Bf4 c6 8.
Nge2 Be6 9. Qd2 g5 10. Bg3 Nh5 11. O-O-O Nd7 12. Rde1 Nf8 13. f4 f5 14. fxg5
hxg5 15. Be5 Rg8 16. Rhf1 Qd7 17. Kb1 O-O-O 18. Na4 Ng7 19. Qa5 Bd6 20. Qxa7
1-0

[Event "GBR-ch 99th"]
[Site "North Shields"]
[Date "2012.07.30"]
[Round "7"]
[White "Burnett, Jim"]
[Black "Whitfield, Craig M"]
[Result "1-0"]
[WhiteElo "2174"]
[BlackElo "2020"]
[PlyCount "127"]
[EventDate "2012.07.23"]
[EventType "swiss"]
[EventRounds "11"]
[EventCountry "ENG"]
[Source "John Saunders"]
[SourceDate "2015.07.24"]

1. d4 Nf6 2. c4 g6 3. g3 Bg7 4. Bg2 O-O 5. Nc3 d6 6. Nf3 Nc6 7. O-O a6 8. d5
Na5 9. Nd2 c5 10. Qc2 Rb8 11. b3 b5 12. Bb2 e5 13. Rae1 h5 14. Nd1 bxc4 15.
bxc4 h4 16. Bc3 Bd7 17. e4 Nh5 18. Ne3 Bh6 19. Bf3 Ng7 20. Rb1 Nb7 21. Rfe1
hxg3 22. fxg3 f5 23. Ndf1 f4 24. Ng4 Bg5 25. Qe2 Qc8 26. Nf2 Nd8 27. Rxb8 Qxb8
28. Bg4 fxg3 29. hxg3 Bxg4 30. Qxg4 Nf7 31. Nh3 Qd8 32. Nh2 Qf6 33. Rf1 Qe7 34.
Kg2 Nh5 35. Qe6 Kg7 36. g4 Qxe6 37. dxe6 Nf6 38. exf7 Nxe4 39. Ba5 Be7 40. Kf3
Nf6 41. Ke3 Rh8 42. Rf3 Kxf7 43. g5 e4 44. Rg3 Nh5 45. Rg2 Ng7 46. Nf2 Ne6 47.
Nxe4 Nxg5 48. Nxg5+ Bxg5+ 49. Kf2 Bf4 50. Nf3 Re8 51. Bd2 Re4 52. Rg4 Be3+ 53.
Kg3 Bf2+ 54. Kh3 Rxg4 55. Kxg4 Ke6 56. Bf4 Kd7 57. Ng5 Bd4 58. Kf3 Kc6 59. Ke4
Kb6 60. Bxd6 Ka5 61. Ne6 Kb4 62. Nxd4 Kxc4 63. Nb3 Kc3 64. Nxc5 1-0

[Event "GBR-ch 99th"]
[Site "North Shields"]
[Date "2012.07.30"]
[Round "7"]
[White "Conquest, Stuart"]
[Black "Holland, James P"]
[Result "1/2-1/2"]
[WhiteElo "2501"]
[BlackElo "2200"]
[PlyCount "121"]
[EventDate "2012.07.23"]
[EventType "swiss"]
[EventRounds "11"]
[EventCountry "ENG"]
[Source "John Saunders"]
[SourceDate "2015.07.24"]

1. e4 c5 2. Ne2 d6 3. g3 g6 4. Bg2 Bg7 5. c3 Nf6 6. d4 Nbd7 7. O-O O-O 8. h3
Rb8 9. Be3 b5 10. Nd2 Bb7 11. Rc1 Qc7 12. f4 e6 13. g4 Rfc8 14. b4 a5 15. Qb3
Bc6 16. Qb1 Qb7 17. a3 Re8 18. g5 Nh5 19. Nb3 Qa6 20. dxc5 a4 21. Nbd4 dxc5 22.
Nxc6 Qxc6 23. e5 Qc7 24. Qe4 Bf8 25. Rfd1 Nb6 26. Rd6 Nc4 27. bxc5 Nxe3 28.
Qxe3 Rec8 29. Rb1 Qxc5 30. Qxc5 Rxc5 31. Rc6 Rd8 32. Kf2 Rxc6 33. Bxc6 Bc5+ 34.
Ke1 Be3 35. Rb4 Bd2+ 36. Kf2 Rd3 37. Bxb5 Rxh3 38. Rxa4 Bxc3 39. Kg2 Re3 40.
Kf2 Rh3 41. Kg2 Re3 42. Kf2 Rh3 43. Bc6 Bd2 44. Bf3 Rh4 45. Rd4 Ba5 46. Kg2 Bb6
47. Rc4 Be3 48. Bxh5 gxh5 49. a4 Bd2 50. Rd4 Ba5 51. f5 Rxd4 52. Nxd4 exf5 53.
Nc6 Bc7 54. a5 Kg7 55. a6 Bb6 56. a7 Bxa7 57. Nxa7 Kg6 58. Nb5 Kxg5 59. Nd6 f4
60. Kf3 h4 61. Nxf7+ 1/2-1/2